[Event "ROM-ch U08 Girls"]
[Site "Calimanesti Caciulata"]
[Date "2016.04.21"]
[Round "5"]
[White "Maria, Lia Alexandra"]
[Black "Chira, Mara Alexia"]
[Result "1-0"]
[WhiteElo "1337"]
[BlackElo "1010"]
[PlyCount "71"]
[EventDate "2016.04.18"]
[EventType "swiss"]
[EventRounds "9"]
[EventCountry "ROU"]
[SourceTitle "CBM 172 Extra"]
[Source "ChessBase"]
[SourceDate "2016.06.21"]
[SourceVersion "1"]
[SourceVersionDate "2016.06.21"]
[SourceQuality "1"]

1. e4 e5 2. Nf3 Nc6 3. Bb5 Nd4 4. Bc4 Nxf3+ 5. Qxf3 Nf6 6. Nc3 Bb4 7. 0-0 0-0 8. d3 Bxc3 9. bxc3 h6 10. d4 d6 11. Ba3 Re8 12. Rad1 Bg4 13. Qg3 Bxd1 14. Rxd1 Qc8 15. Re1 c5 16. d5 a6 17. Bc1 b5 18. Bf1 c4 19. h3 Qc5 20. Bxh6 Nh5 21. Qg5 g6 22. Qh4 f6 23. Qg4 Kh7 24. Be3 Qc8 25. Qh4 Rf8 26. g4 Kg7 27. gxh5 g5 28. h6+ Kg6 29. Qg3 Kxh6 30. h4 Rg8 31. hxg5+ fxg5 32. Bg2 Kh5 33. Qf3+ Qg4 34. Qf7+ Kh4 35. f3 Qh5 36. Bf2# 1-0

[Event "ROM-ch U08 Girls"]
[Site "Calimanesti"]
[Date "2015.03.30"]
[Round "1"]
[White "Chira, Mara Alexia"]
[Black "Salajan, Stefania"]
[Result "0-1"]
[WhiteElo "1001"]
[BlackElo "1268"]
[PlyCount "24"]
[EventDate "2015.03.30"]
[EventType "swiss"]
[EventRounds "9"]
[EventCountry "ROU"]
[SourceTitle "CBM 165 Extra"]
[Source "ChessBase"]
[SourceDate "2015.04.21"]
[SourceVersion "1"]
[SourceVersionDate "2015.04.21"]
[SourceQuality "1"]

1. e4 e5 2. Nf3 Nf6 3. Nxe5 Nxe4 4. Bd3 Qe7 5. f4 d6 6. Bxe4 dxe5 7. Rf1 Qh4+ 8. g3 Qxh2 9. fxe5 Qxg3+ 10. Ke2 Bg4+ 11. Bf3 Qxe5+ 12. Kd3 Bf5+ 0-1